Sports Quiz

Random Sports or Europe Quiz
Score 0/20 Timer 05:00
0 Plays Today
Hint Answer % Correct
Knocked England out of Euro 96 on penaltiesGermany
92.5%
Hosts of Euro 2016France
91.7%
Only country to ever retain the EurosSpain
91.2%
The shock winners of Euro 2004Greece
88.3%
First year Ireland qualified for the tournament1988
65.4%
French player who scored 9 times at Euro 84, the most for any player in a single tournamentMichel Platini
62%
Scored the golden goal in extra-time to help France secure victory at Euro 2000David Trezeguet
56.3%
Poland and what other country hosted Euro 2012Ukraine
54.3%
Italy, England and _____ have lost a record three European Championship penalty shootoutThe Netherlands
50.4%
Name of the first siblings to play against each other for two different countries (Switzerland and Albania) at a European Championships in 2016Xhaka
48.5%
Hint Answer % Correct
First country to win the inaugural Euros in 1960Soviet Union
47%
The team eventual winners Denmark replaced at Euro 92Yugoslavia
40.1%
Liverpool striker who won the Golden Boot at Euro 2004Milan Baros
38.3%
Top scorer at Euro 2008David Villa
37%
Portuguese midfielder who became the youngest player to appear in a European Championship final at Euro 2016Renato Sanches
33.6%
Complete Ireland's Euro 2012 group - Spain, Italy and _____Croatia
32.7%
Player who has featured in the most games throughout European ChampionshipsCristiano Ronaldo
26.1%
Put the ball in the English net at Euro 88Ray Houghton
22%
Manager who has coached the most games at European Championships Joachim Loew
18.4%
Ireland's top scorer in European ChampionshipsRobbie Brady
12.8%
Remove Ads.
Support Sporcle.
Get the best of Sporcle when you Go Orange. This ad-free experience offers more features, more stats, and more fun while also helping to support Sporcle. Thank you for becoming a member.

You're not logged in!

Compare scores with friends on all Sporcle quizzes.
OR
Log In

Show Comments

Extras

Top Quizzes Today


Score Distribution

Your Account Isn't Verified!

In order to create a playlist on Sporcle, you need to verify the email address you used during registration. Go to your Sporcle Settings to finish the process.

Report this User

Report this user for behavior that violates our Community Guidelines.

Details: